[Event "IND-ch U25"]
[Site "Kankarbagh"]
[Date "2015.10.16"]
[Round "6"]
[White "Soni, Sangharsh"]
[Black "Barath, Kalyan M"]
[Result "0-1"]
[WhiteElo "1611"]
[BlackElo "2125"]
[PlyCount "74"]
[EventDate "2015.10.13"]
[EventType "swiss"]
[EventRounds "9"]
[EventCountry "IND"]
[SourceTitle "CBM 168 Extra"]
[Source "ChessBase"]
[SourceDate "2015.10.29"]
[SourceVersion "1"]
[SourceVersionDate "2015.10.29"]
[SourceQuality "1"]

1. e4 c5 2. Nf3 e6 3. d4 cxd4 4. Nxd4 a6 5. Nc3 Qc7 6. g3 b5 7. a3 Bb7 8. Bg2 Nf6 9. 0-0 Be7 10. Be3 d6 11. f4 Nbd7 12. Nb3 0-0 13. g4 Nb6 14. Na5 Nc4 15. Nxc4 Qxc4 16. Qf3 a5 17. g5 Nd7 18. Rac1 f5 19. Qe2 Qxe2 20. Nxe2 fxe4 21. Nd4 e5 22. Nxb5 d5 23. Bh3 exf4 24. Rxf4 Ne5 25. Nc7 d4 26. Bxd4 Rxf4 27. Bxe5 Bc5+ 28. Kh1 e3+ 29. Bg2 Bxg2+ 30. Kxg2 Rf2+ 31. Kg3 Raf8 32. Ne6 R8f5 33. Nxc5 Rxe5 34. Nd3 Rxg5+ 35. Kh3 Rf3+ 36. Kh4 Rg2 37. Ne1 g5+ 0-1